El nuevo Hospital Militar de Madrid / (Record no. 39532)

MARC details
000 -LEADER
campo de control de longitud fija 00678nam a2200193 i 4500
001 - NÚMERO DE CONTROL
campo de control 39532
003 - IDENTIFICADOR DE NÚMERO DE CONTROL
campo de control ES-MaACL
005 - FECHA Y HORA DE LA ÚLTIMA TRANSACCIÓN
campo de control 20230906160022.0
007 - CAMPO FIJO DE DESCRIPCIÓN FÍSICA--INFORMACIÓN GENERAL
campo de control de longitud fija t|
008 - DATOS DE LONGITUD FIJA--INFORMACIÓN GENERAL
campo de control de longitud fija 030303s1890 sp ||||1| spa d
100 1# - ENTRADA PRINCIPAL--NOMBRE DE PERSONA
Nombre de persona Cano y de León, Manuel.
9 (RLIN) 34580
245 13 - MENCIÓN DEL TÍTULO
Título El nuevo Hospital Militar de Madrid /
Mención de responsabilidad, etc. Manuel Cano y de León.
260 ## - PUBLICACIÓN, DISTRIBUCIÓN, ETC.
Lugar de publicación, distribución, etc. Madrid :
Nombre del editor, distribuidor, etc. [s.n.,
Fecha de publicación, distribución, etc. 1890] (
Fabricante Memorial de Ingenieros)
300 ## - DESCRIPCIÓN FÍSICA
Extensión X-212 p. :
Otras características físicas il. ;
Dimensiones 26 cm.
530 ## - NOTA DISPONIBLE DE FORMULARIO FÍSICO ADICIONAL
Nota de formato físico adicional disponible Disponible en formato digital.
610 24 - PUNTO DE ACCESO ADICIONAL DE MATERIA--NOMBRE DE ENTIDAD CORPORATIVA
Nombre de entidad corporativa o nombre de jurisdicción como elemento de entrada Hospital Militar Central "Gómez Ulla"
9 (RLIN) 141700
852 ## - LOCALIZACIÓN
Ubicación ES-MaACL
Número de control de estantería T-523-F-5
856 ## - LOCALIZACIÓN Y ACCESO ELECTRÓNICOS
Identificador Uniforme de Recursos <a href="http://bdh-rd.bne.es/viewer.vm?id=0000194951&page=1 ">http://bdh-rd.bne.es/viewer.vm?id=0000194951&page=1 </a>
Nota pública Biblioteca Digital Hispánica
Holdings
Estatus retirado Estado de pérdida Estado de daño No para préstamo Colección Biblioteca de origen Biblioteca actual Ubicación en estantería Fecha de adquisición Fuente de adquisición Total de préstamos Signatura topográfica completa Código de barras Visto por última vez Precio de reemplazo Tipo de ítem Koha
        Colección de folletos Biblioteca del Ateneo de Madrid Biblioteca del Ateneo de Madrid Depósito folletos 17/01/2008     T-523-F-5 1041632 23/02/2023 23/02/2023 Folleto